Loading...
| Fine Arts - Classical Music | 0 | 9 | 0 | 0 | 90 | 67 | 93.78 | 2 | 7 | 0.00 | 0.00 |
| Literature - European | 0 | 7 | 0 | 1 | 70 | 82 | 107.00 | 1 | 4 | 0.00 | 0.00 |
| Literature - British | 0 | 6 | 0 | 0 | 60 | 53 | 92.83 | 2 | 5 | 0.00 | 0.00 |
| Philosophy | 0 | 6 | 1 | 1 | 55 | 62 | 88.17 | 1 | 4 | 0.00 | 0.00 |
| Literature - American | 0 | 6 | 1 | 0 | 55 | 41 | 89.33 | 1 | 4 | 0.00 | 0.00 |
| Fine Arts - Other | 0 | 6 | 1 | 2 | 55 | 59 | 99.83 | 0 | 4 | 0.00 | 0.00 |
| Fine Arts - Painting and Sculpture | 0 | 4 | 2 | 1 | 30 | 55 | 81.00 | 2 | 4 | 0.00 | 0.00 |
| Science - Physics | 0 | 3 | 1 | 0 | 25 | 38 | 54.67 | 2 | 3 | 0.00 | 0.00 |
| Current Events | 0 | 2 | 1 | 1 | 15 | 119 | 122.00 | 0 | 0 | 0.00 | 0.00 |
| Literature - World | 0 | 2 | 1 | 0 | 15 | 85 | 90.00 | 0 | 1 | 0.00 | 0.00 |
| Mythology | 0 | 2 | 2 | 0 | 10 | 66 | 84.00 | 0 | 2 | 0.00 | 0.00 |
| History - European | 0 | 1 | 0 | 0 | 10 | 92 | 92.00 | 0 | 0 | 0.00 | 0.00 |
| Popular Culture | 0 | 1 | 0 | 1 | 10 | 115 | 115.00 | 0 | 0 | 0.00 | 0.00 |
| Social Science | 0 | 2 | 2 | 0 | 10 | 45 | 73.00 | 0 | 1 | 0.00 | 0.00 |
| Geography | 0 | 1 | 1 | 0 | 5 | 106 | 106.00 | 0 | 0 | 0.00 | 0.00 |
| Religion | 0 | 2 | 4 | 1 | 0 | 108 | 113.50 | 0 | 0 | 0.00 | 0.00 |